000 00705nam a2200229 i 4500
001 134193
003 ES-MaACL
005 20230906194624.0
007 t|
008 070906s1947 mx ||||1| spa d
100 1 _aWythe, George.
_9172087
245 1 3 _aLa industria latinoamericana /
_cG. Wythe ; versión española de Teodoro Ortiz.
250 _a1ª ed.
260 _aMéxico :
_bFondo de Cultura Económica,
_c1947.
300 _a361 p. ;
_c24 cm.
490 1 _aSección de obras de economía
650 1 4 _aIndustria-
_zAmérica latina.
_913714
700 1 _aOrtiz, Teodoro.
_987575
830 1 _aSección de obras de economía
_9179924
852 _aES-MaACL
_jD-6831
999 _c134193
_d134193